[Event "Eastern Asia-ch U14"]
[Site "Tornelo INT"]
[Date "2021.10.31"]
[Round "9"]
[White "Lim, Kai Jun"]
[Black "Beh, Keat Ket"]
[Result "0-1"]
[WhiteElo "1191"]
[BlackElo "1133"]
[PlyCount "86"]
[EventDate "2021.10.29"]
[EventType "swiss"]
[EventRounds "9"]
[EventCountry "NET"]
[SourceTitle "EXT 2023"]
[Source "ChessBase"]
[SourceDate "2022.10.05"]
[SourceVersion "1"]
[SourceVersionDate "2022.10.05"]
[SourceQuality "1"]

1. e4 e5 2. Nf3 Nc6 3. Bb5 Bc5 4. 0-0 d6 5. c3 a6 6. Ba4 b5 7. Bc2 Bg4 8. h3 Bh5 9. d3 Nge7 10. Nbd2 0-0 11. Re1 Bg6 12. Nf1 f5 13. exf5 Nxf5 14. Bb3+ Kh8 15. Bd5 Qd7 16. d4 exd4 17. cxd4 Nfxd4 18. Nxd4 Bxd4 19. Ne3 Bxe3 20. Bxe3 Rae8 21. Rc1 Nb4 22. Rc3 c6 23. Bb3 a5 24. a3 Na6 25. Qd2 d5 26. Rec1 Rc8 27. Bd1 Qd6 28. Bc5 Nxc5 29. Rxc5 a4 30. Bf3 Bf5 31. Qd4 Bxh3 32. gxh3 Rxf3 33. Rxd5 Qf6 34. Qg4 Rf8 35. Rdc5 Rxf2 36. R5c2 h6 37. Rxc6 Rf1+ 38. Rxf1 Qxf1+ 39. Kh2 Rf2+ 40. Kg3 Rg2+ 41. Kh4 Rxg4+ 42. hxg4 Qh1+ 43. Kg3 Qxc6 0-1